000 00481nam a2200145 a 4500
001 000036317
005 20200930075650.0
008 120113s1973 pr ac 000 0 spa d
040 _aDO-SdBNP
_bspa
_cBNPHU
082 _axxx
_bG643h
100 1 _aGonzalez Mas, Ezequiel
_962474
245 1 0 _aHistoria de la literatura española :
_b(Renacimiento XVI) /
_cEzequiel González Mas.
260 _aSan Juan, Puerto Rico :
_bUniversitaria,
_c1973.
300 _a407 p. :
_bil., retrs. ;
_c24 cm.
999 _c35808
_d35808